La nova app dels parcs naturals : els parcs a la punta dels dits els parcs a la punta dels dits

Descripción Física: 1 díptic ; il·lustracions color ; 21 cm
Idioma: Catalán

MARC

LEADER 00000nam a22000007a 4500
001 27863
003 Arxiu
005 20260324181516.0
008 230515b spa||||| |||| 00| 0 cat d
017 |a B 25362-2018 
040 |a agdb  |b cat 
110 1 |9 7250  |a Barcelona (Catalunya : Província).  |b Xarxa de Parcs Naturals 
245 |a La nova app dels parcs naturals :   |b els parcs a la punta dels dits 
260 |a Barcelona :   |b Diputació de Barcelona. Xarxa de Parcs Naturals ;   |c 2018 
300 |a 1 díptic ;   |b il·lustracions color ;   |c 21 cm 
650 0 |9 49557  |a Parcs Naturals  |z Barcelona (Catalunya : Província) 
650 0 |9 51716  |a Aplicacions mòbils 
710 1 |9 52730  |a Barcelona (Catalunya : Província).  |b Gerència de Serveis d’Espais Naturals 
942 |2 udc  |c ARXIU  |n 1 
952 |0 0  |1 0  |2 udc  |4 0  |6 FU7587  |7 1  |9 66327  |a Arxiu  |b Arxiu  |d 2023-05-15  |l 0  |o FU-75-87  |p 27863  |r 2023-05-15 00:00:00  |w 2023-05-15  |y ARXIU 
999 |c 83449  |d 83449